000
00360nam a2200157Ia 4500
005
20250603144612.0
008
250603s9999 xx 000 0 und d
020
_a
9781118458358
050
_a
TA 658 .C49/
100
_a
Ching, Francis
245
0
_a
Building structures illustrated
250
_a
2nd ed.
260
_c
2014
300
_a
44 p
942
_c
BK
999
_c
39408
_d
39408